[Event "EYCC 2024 - O14"]
[Site "?"]
[Date "2024.08.29"]
[Round "7.1"]
[White "Karvatskyi, Oleksii"]
[Black "Alizada, Pasham"]
[Result "1/2-1/2"]
[BlackElo "2066"]
[WhiteElo "2144"]
[LiveChessVersion "1.4.8"]

1. e4 {[%clk 1:30:58]} e6 {[%clk 1:30:58]} 2. d4 {[%clk 1:31:23]} d5
{[%clk 1:31:26]} 3. e5 {[%clk 1:29:52]} c5 {[%clk 1:31:40]} 4. c3
{[%clk 1:30:18]} Qb6 {[%clk 1:32:09]} 5. Nf3 {[%clk 1:30:39]} Nc6
{[%clk 1:32:36]} 6. a3 {[%clk 1:29:40]} Nh6 {[%clk 1:32:40]} 7. Bd3
{[%clk 1:26:15]} cxd4 {[%clk 1:30:54]} 8. O-O {[%clk 1:24:44]} Bd7
{[%clk 1:31:10]} 9. b4 {[%clk 1:23:47]} Rc8 {[%clk 1:27:13]} 10. Bb2
{[%clk 1:21:43]} Na5 {[%clk 1:24:35]} 11. cxd4 {[%clk 1:08:58]} Nc4
{[%clk 1:25:01]} 12. Bc1 {[%clk 1:07:47]} a5 {[%clk 1:23:32]} 13. bxa5
{[%clk 1:01:00]} Qxa5 {[%clk 1:20:05]} 14. Qe2 {[%clk 0:59:16]} Nf5
{[%clk 1:14:25]} 15. g4 {[%clk 0:54:02]} Ne7 {[%clk 1:14:46]} 16. Nbd2
{[%clk 0:53:45]} Qa4 {[%clk 1:06:17]} 17. Rb1 {[%clk 0:51:50]} b5
{[%clk 1:04:56]} 18. h4 {[%clk 0:36:22]} Qa7 {[%clk 1:00:36]} 19. h5
{[%clk 0:35:22]} Nc6 {[%clk 0:57:48]} 20. Nb3 {[%clk 0:31:20]} h6
{[%clk 0:56:58]} 21. Kg2 {[%clk 0:30:00]} Be7 {[%clk 0:56:48]} 22. Ra1
{[%clk 0:22:19]} Qb6 {[%clk 0:53:48]} 23. Rd1 {[%clk 0:21:51]} Qd8
{[%clk 0:49:38]} 24. Bb1 {[%clk 0:19:22]} Ra8 {[%clk 0:49:28]} 25. Ne1
{[%clk 0:12:32]} Qb6 {[%clk 0:45:42]} 26. f4 {[%clk 0:12:26]} Ra4
{[%clk 0:45:04]} 27. Nf3 {[%clk 0:11:33]} Qa7 {[%clk 0:33:11]} 28. Bc2
{[%clk 0:10:32]} Ra6 {[%clk 0:23:04]} 29. Be3 {[%clk 0:09:35]} Nxa3
{[%clk 0:22:27]} 30. Bd3 {[%clk 0:09:45]} Nb4 {[%clk 0:18:08]} 31. Nc5
{[%clk 0:09:49]} Bxc5 {[%clk 0:16:31]} 32. dxc5 {[%clk 0:10:14]} Nxd3
{[%clk 0:13:21]} 33. Qxd3 {[%clk 0:10:36]} Nc4 {[%clk 0:11:40]} 34. Bd4
{[%clk 0:10:29]} Rxa1 {[%clk 0:09:09]} 35. Rxa1 {[%clk 0:10:57]} Qb7
{[%clk 0:09:29]} 36. f5 {[%clk 0:09:37]} O-O {[%clk 0:07:43]} 37. g5
{[%clk 0:07:52]} Ra8 {[%clk 0:05:45]} 38. gxh6 {[%clk 0:06:16]} Rxa1
{[%clk 0:06:12]} 39. Bxa1 {[%clk 0:06:42]} Qa8 {[%clk 0:06:23]} 40. h7+
{[%clk 0:04:29]} Kh8 {[%clk 0:06:50]} 41. Qd4 {[%clk 0:03:25]} Kxh7
{[%clk 0:05:42]} 42. f6 {[%clk 0:01:50]} gxf6 {[%clk 0:06:09]} 43. exf6
{[%clk 0:02:05]} Qg8+ {[%clk 0:06:31]} 44. Kf2 {[%clk 0:02:08]} b4
{[%clk 0:03:18]} 45. Qf4 {[%clk 0:01:08]} b3 {[%clk 0:03:47]} 46. c6
{[%clk 0:00:56]} Bc8 {[%clk 0:02:45]} 47. Qb8 {[%clk 0:00:53]} Qe8
{[%clk 0:00:48]} 48. Qxb3 {[%clk 0:01:02]} Qxc6 {[%clk 0:01:10]} 49. Qb1+
{[%clk 0:00:53]} Kh6 {[%clk 0:00:59]} 50. Qg1 {[%clk 0:01:10]} Qc5+
{[%clk 0:00:45]} 51. Bd4 {[%clk 0:01:34]} Qf8 {[%clk 0:01:09]} 52. Qg7+
{[%clk 0:00:37]} Qxg7 {[%clk 0:01:36]} 53. fxg7 Kh7 54. h6 {[%clk 0:00:43]} Kg8
{[%clk 0:01:55]} 55. Bf6 {[%clk 0:00:51]} Nd6 {[%clk 0:01:34]} 56. Ng5
{[%clk 0:00:55]} Ne4+ {[%clk 0:02:01]} 57. Nxe4 {[%clk 0:01:16]} dxe4
{[%clk 0:02:30]} 58. Ke3 {[%clk 0:01:40]} Bb7 {[%clk 0:02:45]} 59. Kd4
{[%clk 0:02:09]} Bd5 {[%clk 0:01:56]} 60. Ke5 {[%clk 0:01:24]} e3
{[%clk 0:02:20]} 61. Bh4 {[%clk 0:01:37]} Bb3 {[%clk 0:02:17]} 62. Kf6
{[%clk 0:01:47]} Bc2 {[%clk 0:02:41]} 63. Be1 {[%clk 0:01:57]} e2
{[%clk 0:02:59]} 64. Bc3 {[%clk 0:02:04]} Bg6 {[%clk 0:03:21]} 65. Be1
{[%clk 0:02:11]} Bd3 {[%clk 0:03:14]} 66. Bc3 {[%clk 0:02:34]} e5
{[%clk 0:02:43]} 1/2-1/2

[Event "EYCC 2024 - O14"]
[Site "?"]
[Date "2024.08.29"]
[Round "7.2"]
[White "Myagmarsuren, Evsuld"]
[Black "Boci, Mateo"]
[Result "0-1"]
[BlackElo "2052"]
[WhiteElo "2142"]
[LiveChessVersion "1.4.8"]

1. e4 {[%clk 1:30:59]} c5 {[%clk 1:30:03]} 2. Nf3 {[%clk 1:31:24]} Nc6
{[%clk 1:30:26]} 3. d4 {[%clk 1:31:49]} cxd4 {[%clk 1:30:17]} 4. Nxd4
{[%clk 1:32:16]} Nf6 {[%clk 1:30:16]} 5. Nc3 {[%clk 1:32:43]} e5 {[%clk 1:30:34]}
6. Ndb5 {[%clk 1:33:10]} d6 {[%clk 1:30:56]} 7. Nd5 {[%clk 1:33:39]} Nxd5
{[%clk 1:31:15]} 8. exd5 {[%clk 1:34:08]} Nb8 {[%clk 1:31:26]} 9. c4
{[%clk 1:34:37]} Be7 {[%clk 1:31:32]} 10. Bd3 {[%clk 1:35:00]} O-O
{[%clk 1:31:38]} 11. O-O {[%clk 1:35:28]} a6 {[%clk 1:31:46]} 12. Nc3
{[%clk 1:35:56]} f5 {[%clk 1:32:01]} 13. f3 {[%clk 1:36:25]} Nd7 {[%clk 1:32:12]}
14. Kh1 {[%clk 1:35:30]} Bg5 {[%clk 1:28:52]} 15. b4 {[%clk 1:35:56]} b6
{[%clk 1:25:56]} 16. a3 {[%clk 1:17:40]} Bxc1 {[%clk 1:23:43]} 17. Qxc1
{[%clk 1:17:48]} Nf6 {[%clk 1:05:29]} 18. Qe3 {[%clk 1:09:31]} Nh5
{[%clk 0:48:59]} 19. Ne2 {[%clk 0:56:31]} Bd7 {[%clk 0:32:45]} 20. Rac1
{[%clk 0:55:41]} Rf6 {[%clk 0:22:45]} 21. c5 {[%clk 0:50:10]} bxc5
{[%clk 0:22:51]} 22. bxc5 {[%clk 0:50:33]} f4 23. Qf2 dxc5 {[%clk 0:22:01]} 24.
Rxc5 {[%clk 0:47:35]} Rh6 {[%clk 0:21:47]} 25. Kg1 {[%clk 0:47:43]} Rd6
{[%clk 0:18:27]} 26. Nc3 {[%clk 0:45:14]} Nf6 {[%clk 0:15:25]} 27. Ne4
{[%clk 0:42:42]} Nxe4 28. Bxe4 {[%clk 0:42:49]} Rb8 {[%clk 0:12:52]} 29. Rfc1
{[%clk 0:41:18]} Qf6 {[%clk 0:08:45]} 30. Qc2 {[%clk 0:38:56]} g6
{[%clk 0:07:00]} 31. Rc7 {[%clk 0:36:30]} Rd8 {[%clk 0:06:18]} 32. Qb2
{[%clk 0:33:44]} Kg7 {[%clk 0:04:46]} 33. Rb7 {[%clk 0:31:04]} Kh6
{[%clk 0:03:47]} 34. Rcc7 {[%clk 0:27:51]} Qh4 {[%clk 0:03:08]} 35. Qd2
{[%clk 0:27:44]} Qf6 {[%clk 0:02:22]} 36. Qf2 {[%clk 0:26:21]} Rc8
{[%clk 0:02:08]} 37. Qc2 {[%clk 0:17:55]} Rb6 {[%clk 0:00:37]} 38. Rxc8
{[%clk 0:09:32]} Rxb7 {[%clk 0:01:00]} 39. Rc3 {[%clk 0:09:45]} Qb6+
{[%clk 0:00:48]} 40. Qf2 {[%clk 0:09:36]} Qf6 {[%clk 0:00:33]} 41. h3
{[%clk 0:08:36]} Bf5 {[%clk 0:00:45]} 42. Rc6 {[%clk 0:06:46]} Qf7
{[%clk 0:01:01]} 43. Rxa6 {[%clk 0:06:07]} Bxe4 {[%clk 0:00:46]} 44. fxe4
{[%clk 0:06:31]} Qe7 {[%clk 0:01:02]} 45. Kh2 {[%clk 0:05:28]} Rb3
{[%clk 0:00:57]} 46. Re6 {[%clk 0:03:48]} Qg5 {[%clk 0:00:53]} 47. h4
{[%clk 0:04:09]} Qg4 {[%clk 0:00:53]} 48. Rxe5 {[%clk 0:03:37]} Rg3
{[%clk 0:01:03]} 49. Kg1 {[%clk 0:01:34]} Qxh4 {[%clk 0:00:48]} 50. Qc5
{[%clk 0:01:20]} Qf6 {[%clk 0:00:47]} 51. Qd4 {[%clk 0:00:49]} Rg5
{[%clk 0:00:37]} 52. d6 f3 {[%clk 0:00:35]} 53. Rd5 {[%clk 0:00:32]} Rxg2+
{[%clk 0:00:43]} 54. Kf1 {[%clk 0:00:33]} Qh4 {[%clk 0:00:38]} 55. Qd2+ Rxd2
{[%clk 0:01:01]} 56. Rxd2 {[%clk 0:00:59]} Qh1+ {[%clk 0:00:49]} 57. Kf2
{[%clk 0:01:35]} Qh2+ {[%clk 0:00:58]} 0-1

[Event "EYCC 2024 - O14"]
[Site "?"]
[Date "2024.08.29"]
[Round "7.3"]
[White "Beliman, Alexandro"]
[Black "Guretchii, Kirill"]
[Result "0-1"]
[BlackElo "2034"]
[WhiteElo "2144"]
[LiveChessVersion "1.4.8"]

1. e4 {[%clk 1:30:59]} c6 {[%clk 1:30:53]} 2. c4 {[%clk 1:31:27]} d5
{[%clk 1:31:15]} 3. cxd5 {[%clk 1:31:53]} cxd5 {[%clk 1:31:37]} 4. exd5
{[%clk 1:32:21]} Nf6 {[%clk 1:31:57]} 5. Nc3 {[%clk 1:32:50]} Nxd5
{[%clk 1:32:17]} 6. Nf3 {[%clk 1:33:16]} e6 {[%clk 1:32:30]} 7. Bc4
{[%clk 1:32:52]} Bd6 {[%clk 1:32:37]} 8. O-O {[%clk 1:31:32]} O-O
{[%clk 1:30:48]} 9. d4 {[%clk 1:30:18]} Nc6 {[%clk 1:16:30]} 10. Re1
{[%clk 1:29:16]} h6 {[%clk 1:11:04]} 11. a3 {[%clk 1:22:27]} b6 {[%clk 1:05:49]}
12. Qd3 {[%clk 0:53:53]} Nce7 {[%clk 0:58:34]} 13. Bb3 {[%clk 0:50:37]} Bb7
{[%clk 0:56:06]} 14. Ne4 {[%clk 0:45:35]} Rc8 {[%clk 0:45:59]} 15. Bd2
{[%clk 0:32:20]} Bf4 {[%clk 0:36:34]} 16. Bc3 {[%clk 0:28:25]} Ng6
{[%clk 0:35:02]} 17. Bc2 {[%clk 0:23:27]} Bb8 {[%clk 0:32:22]} 18. g3
{[%clk 0:14:46]} f5 {[%clk 0:26:49]} 19. Ned2 {[%clk 0:14:01]} Qf6
{[%clk 0:26:13]} 20. Ne5 {[%clk 0:06:42]} Bxe5 {[%clk 0:25:22]} 21. dxe5
{[%clk 0:07:01]} Qf7 {[%clk 0:25:20]} 22. Rad1 {[%clk 0:03:03]} Rfd8
{[%clk 0:24:08]} 23. Qf1 {[%clk 0:01:37]} Qc7 {[%clk 0:23:08]} 24. Bb3
{[%clk 0:01:02]} Nxc3 {[%clk 0:19:40]} 25. bxc3 {[%clk 0:01:22]} Kh7
{[%clk 0:18:27]} 26. Qe2 {[%clk 0:00:33]} Nf8 {[%clk 0:18:04]} 27. c4
{[%clk 0:00:32]} Qc6 {[%clk 0:18:16]} 28. f3 {[%clk 0:00:57]} Qc5+
{[%clk 0:18:17]} 29. Kg2 {[%clk 0:00:33]} Qxa3 {[%clk 0:18:33]} 30. Qe3
{[%clk 0:00:32]} Rc5 {[%clk 0:18:25]} 31. g4 {[%clk 0:00:34]} Qb2
{[%clk 0:17:46]} 32. gxf5 {[%clk 0:00:42]} exf5 {[%clk 0:17:51]} 33. Re2
{[%clk 0:00:34]} Ng6 {[%clk 0:16:59]} 34. e6 {[%clk 0:00:34]} f4 {[%clk 0:13:45]}
35. Qf2 {[%clk 0:00:36]} Rg5+ {[%clk 0:13:27]} 36. Kf1 {[%clk 0:00:44]} Re8
{[%clk 0:11:23]} 37. Ba4 {[%clk 0:00:41]} Re7 {[%clk 0:07:59]} 38. Ne4
{[%clk 0:01:10]} Qb4 {[%clk 0:08:08]} 39. Nxg5+ {[%clk 0:01:38]} hxg5
{[%clk 0:08:32]} 40. Bc2 {[%clk 0:01:20]} Qxc4 {[%clk 0:06:42]} 41. Bd3
{[%clk 0:01:49]} Qb3 {[%clk 0:06:20]} 42. Bc2 {[%clk 0:02:17]} Qb5
{[%clk 0:05:08]} 43. Bd3 {[%clk 0:02:43]} Qb3 {[%clk 0:05:09]} 44. Bxg6+
{[%clk 0:01:24]} Kxg6 {[%clk 0:05:33]} 45. Rd7 {[%clk 0:01:41]} Rxd7
{[%clk 0:05:23]} 46. exd7 {[%clk 0:02:10]} Qd1+ {[%clk 0:05:39]} 47. Re1
{[%clk 0:01:34]} Qxd7 {[%clk 0:05:51]} 48. Kg1 {[%clk 0:00:51]} g4
{[%clk 0:05:50]} 49. Qc2+ {[%clk 0:00:44]} Kh6 {[%clk 0:06:01]} 50. Qc1 Qd4+
{[%clk 0:06:11]} 51. Kf1 {[%clk 0:00:54]} gxf3 {[%clk 0:06:13]} 52. Qa3
{[%clk 0:00:40]} Be4 {[%clk 0:06:00]} 53. Rxe4 {[%clk 0:00:33]} Qxe4
{[%clk 0:06:24]} 54. Qd6+ {[%clk 0:01:00]} Kh7 {[%clk 0:06:50]} 0-1

[Event "EYCC 2024 - O14"]
[Site "?"]
[Date "2024.08.29"]
[Round "7.4"]
[White "Shevchenko, Yaroslav"]
[Black "Grooten, Tommy"]
[Result "1/2-1/2"]
[BlackElo "2146"]
[WhiteElo "2038"]
[LiveChessVersion "1.4.8"]

1. d4 {[%clk 1:30:53]} Nf6 {[%clk 1:30:53]} 2. c4 {[%clk 1:31:17]} e6
{[%clk 1:31:17]} 3. Nf3 {[%clk 1:31:39]} d5 {[%clk 1:31:37]} 4. g3
{[%clk 1:31:59]} Bb4+ {[%clk 1:31:59]} 5. Bd2 {[%clk 1:32:19]} Be7
{[%clk 1:32:17]} 6. Bg2 {[%clk 1:32:22]} O-O {[%clk 1:32:38]} 7. O-O
{[%clk 1:31:58]} c6 {[%clk 1:32:56]} 8. Bg5 {[%clk 1:30:58]} Nbd7
{[%clk 1:31:22]} 9. Nc3 {[%clk 1:29:52]} h6 {[%clk 1:31:06]} 10. Bxf6
{[%clk 1:25:49]} Nxf6 {[%clk 1:31:26]} 11. Ne5 {[%clk 1:25:17]} Qb6
{[%clk 1:07:05]} 12. a3 {[%clk 1:12:14]} Rd8 {[%clk 1:01:20]} 13. Na4
{[%clk 0:58:03]} Qc7 {[%clk 0:59:12]} 14. Rc1 {[%clk 0:55:58]} Bd7
{[%clk 0:51:54]} 15. Nxd7 {[%clk 0:50:00]} Qxd7 {[%clk 0:50:24]} 16. cxd5
{[%clk 0:48:08]} cxd5 {[%clk 0:47:33]} 17. Qb3 {[%clk 0:46:37]} Rac8
{[%clk 0:45:32]} 18. Nc5 {[%clk 0:39:19]} Bxc5 {[%clk 0:43:27]} 19. dxc5
{[%clk 0:39:30]} Rc7 {[%clk 0:39:25]} 20. Rc3 {[%clk 0:38:29]} Rdc8
{[%clk 0:38:15]} 21. Rfc1 {[%clk 0:38:44]} Qe7 {[%clk 0:37:26]} 22. Qb4
{[%clk 0:37:50]} Rc6 {[%clk 0:28:09]} 23. e4 {[%clk 0:32:23]} dxe4
{[%clk 0:26:31]} 24. Bxe4 {[%clk 0:32:43]} Nxe4 {[%clk 0:26:56]} 25. Qxe4
{[%clk 0:33:06]} b6 {[%clk 0:24:16]} 26. cxb6 {[%clk 0:33:11]} Rxc3
{[%clk 0:24:35]} 27. Rxc3 {[%clk 0:33:22]} Rxc3 {[%clk 0:24:59]} 28. bxc3
{[%clk 0:33:29]} axb6 {[%clk 0:25:20]} 29. Qb4 {[%clk 0:32:35]} Qd8
{[%clk 0:23:31]} 30. h4 {[%clk 0:31:18]} Qc7 {[%clk 0:20:39]} 31. a4
{[%clk 0:29:25]} g6 {[%clk 0:17:28]} 32. Qd4 {[%clk 0:29:00]} h5 {[%clk 0:16:50]}
33. Kf1 {[%clk 0:26:49]} Kf8 {[%clk 0:16:10]} 34. Ke2 {[%clk 0:26:54]} Ke7
{[%clk 0:16:15]} 35. Ke3 {[%clk 0:23:03]} Qd6 {[%clk 0:12:44]} 36. Qb4
{[%clk 0:12:13]} Kd7 {[%clk 0:12:42]} 37. f4 {[%clk 0:08:39]} Qd1
{[%clk 0:10:54]} 38. Qb5+ {[%clk 0:07:44]} Kc7 {[%clk 0:10:29]} 39. Qc4+
{[%clk 0:07:45]} Kd7 {[%clk 0:10:44]} 40. Qb5+ {[%clk 0:08:07]} Kc7
{[%clk 0:11:05]} 41. Qc4+ {[%clk 0:08:15]} Kd7 {[%clk 0:11:31]} 42. Qb5+
{[%clk 0:08:40]} 1/2-1/2

[Event "EYCC 2024 - O14"]
[Site "?"]
[Date "2024.08.29"]
[Round "7.5"]
[White "Negre, Emilie"]
[Black "Ral Lustig, Melvin"]
[Result "0-1"]
[BlackElo "2019"]
[WhiteElo "2140"]
[LiveChessVersion "1.4.8"]

1. d4 {[%clk 1:30:57]} Nf6 {[%clk 1:30:46]} 2. c4 {[%clk 1:31:17]} c6
{[%clk 1:31:13]} 3. Nf3 {[%clk 1:28:07]} d5 {[%clk 1:31:34]} 4. Nbd2
{[%clk 1:27:23]} Bf5 {[%clk 1:31:56]} 5. Nh4 {[%clk 1:27:39]} Be4
{[%clk 1:32:18]} 6. f3 {[%clk 1:27:15]} Bg6 {[%clk 1:30:58]} 7. g3
{[%clk 1:09:00]} e6 {[%clk 1:21:24]} 8. Bg2 {[%clk 0:55:39]} c5 {[%clk 1:16:50]}
9. cxd5 {[%clk 0:50:57]} Nxd5 {[%clk 1:13:20]} 10. Nxg6 {[%clk 0:47:30]} hxg6
{[%clk 1:13:38]} 11. Ne4 {[%clk 0:34:05]} cxd4 {[%clk 1:13:19]} 12. Qxd4
{[%clk 0:33:30]} Nc6 {[%clk 1:13:32]} 13. Qf2 {[%clk 0:25:18]} Bb4+
{[%clk 1:08:08]} 14. Bd2 {[%clk 0:24:05]} Qa5 {[%clk 0:37:55]} 15. Nd6+
{[%clk 0:11:34]} Ke7 {[%clk 0:38:01]} 16. Nc4 {[%clk 0:10:41]} Bxd2+
{[%clk 0:35:46]} 17. Nxd2 {[%clk 0:10:43]} Rhd8 {[%clk 0:34:20]} 18. e4
{[%clk 0:06:33]} Nb6 {[%clk 0:33:05]} 19. Rc1 {[%clk 0:06:01]} Ne5
{[%clk 0:28:51]} 20. Qe3 {[%clk 0:00:36]} Nbc4 {[%clk 0:26:45]} 21. Qg5+
{[%clk 0:00:33]} f6 {[%clk 0:27:09]} 0-1

[Event "EYCC 2024 - O14"]
[Site "?"]
[Date "2024.08.29"]
[Round "7.6"]
[White "Topencik, Bruno"]
[Black "Afek, Itay"]
[Result "1-0"]
[BlackElo "1940"]
[WhiteElo "2107"]
[LiveChessVersion "1.4.8"]

1. e4 {[%clk 1:30:56]} c6 {[%clk 1:30:56]} 2. d4 {[%clk 1:31:22]} d5
{[%clk 1:31:22]} 3. e5 {[%clk 1:31:49]} c5 {[%clk 1:31:44]} 4. c3
{[%clk 1:32:17]} cxd4 {[%clk 1:31:22]} 5. cxd4 {[%clk 1:32:06]} Nc6
{[%clk 1:31:46]} 6. Nc3 {[%clk 1:31:07]} Nh6 {[%clk 1:29:21]} 7. Be2
{[%clk 1:16:55]} Nf5 {[%clk 1:24:24]} 8. Nf3 {[%clk 1:16:53]} e6 {[%clk 1:24:41]}
9. O-O {[%clk 1:15:02]} Be7 {[%clk 1:24:49]} 10. a3 {[%clk 1:14:05]} h5
{[%clk 1:17:22]} 11. b4 {[%clk 1:09:12]} g5 {[%clk 1:17:03]} 12. Be3
{[%clk 1:06:26]} g4 {[%clk 1:16:27]} 13. Ne1 {[%clk 1:06:21]} Rg8
{[%clk 1:12:27]} 14. Nc2 {[%clk 1:04:05]} Bd7 {[%clk 1:10:21]} 15. Bd3
{[%clk 0:58:45]} Nh4 {[%clk 1:07:08]} 16. Qd2 {[%clk 0:55:13]} Bg5
{[%clk 1:00:23]} 17. Kh1 {[%clk 0:49:25]} Rg7 {[%clk 0:54:42]} 18. Rfb1
{[%clk 0:44:09]} Bxe3 {[%clk 0:52:06]} 19. fxe3 {[%clk 0:40:46]} Qg5
{[%clk 0:50:35]} 20. Nb5 {[%clk 0:37:45]} Kf8 {[%clk 0:43:12]} 21. Rf1
{[%clk 0:35:22]} Kg8 {[%clk 0:39:07]} 22. Nd6 {[%clk 0:34:27]} b6
{[%clk 0:37:43]} 23. a4 {[%clk 0:33:06]} Rf8 {[%clk 0:32:38]} 24. a5
{[%clk 0:31:01]} bxa5 {[%clk 0:31:56]} 25. b5 {[%clk 0:29:19]} Nb4
{[%clk 0:31:43]} 26. Nxb4 {[%clk 0:28:48]} axb4 {[%clk 0:32:12]} 27. Rxa7
{[%clk 0:28:35]} Bxb5 {[%clk 0:30:02]} 28. Bxb5 {[%clk 0:26:38]} b3
{[%clk 0:28:25]} 29. Ne8 {[%clk 0:22:13]} Rg6 {[%clk 0:28:16]} 30. Nf6+
{[%clk 0:22:22]} Kg7 {[%clk 0:28:13]} 31. Bd3 {[%clk 0:22:15]} Rh6
{[%clk 0:28:17]} 32. Rb7 {[%clk 0:22:00]} Ng6 {[%clk 0:28:16]} 33. Bxg6
{[%clk 0:21:37]} Rxg6 {[%clk 0:28:05]} 34. Rxb3 {[%clk 0:21:47]} Rh6
{[%clk 0:27:33]} 35. Qf2 {[%clk 0:20:13]} 1-0

[Event "EYCC 2024 - O14"]
[Site "?"]
[Date "2024.08.29"]
[Round "7.7"]
[White "Battistelli, Fausto"]
[Black "Kanana, Ziad"]
[Result "1-0"]
[BlackElo "2102"]
[WhiteElo "2011"]
[LiveChessVersion "1.4.8"]

1. e4 {[%clk 1:30:57]} c6 {[%clk 1:30:57]} 2. d4 {[%clk 1:31:09]} d5
{[%clk 1:31:25]} 3. e5 {[%clk 1:31:31]} Bf5 {[%clk 1:31:52]} 4. h4
{[%clk 1:31:52]} Qc7 {[%clk 1:32:12]} 5. Bf4 {[%clk 1:21:35]} h5 {[%clk 1:06:21]}
6. c4 {[%clk 1:10:54]} e6 {[%clk 1:04:40]} 7. Nc3 {[%clk 1:06:53]} Ne7
{[%clk 0:56:18]} 8. Rc1 {[%clk 1:00:47]} dxc4 {[%clk 0:53:17]} 9. Bxc4
{[%clk 0:59:53]} Nd7 {[%clk 0:51:49]} 10. Nge2 {[%clk 0:53:09]} Nb6
{[%clk 0:48:09]} 11. Bb3 {[%clk 0:51:21]} Qd7 {[%clk 0:41:28]} 12. O-O
{[%clk 0:30:17]} Bg6 {[%clk 0:36:25]} 13. Be3 {[%clk 0:25:35]} Nf5
{[%clk 0:22:05]} 14. g3 {[%clk 0:25:46]} O-O-O {[%clk 0:18:29]} 15. Nf4
{[%clk 0:19:32]} Bh7 {[%clk 0:16:31]} 16. Qe2 {[%clk 0:13:28]} Kb8
{[%clk 0:13:35]} 17. Rfd1 {[%clk 0:13:47]} Nxe3 {[%clk 0:08:31]} 18. Qxe3
{[%clk 0:11:53]} Bf5 {[%clk 0:08:07]} 19. Na4 {[%clk 0:11:28]} Nd5
{[%clk 0:07:23]} 20. Nxd5 {[%clk 0:11:30]} cxd5 {[%clk 0:07:12]} 21. Nc5
{[%clk 0:11:06]} Bxc5 {[%clk 0:07:27]} 22. Rxc5 {[%clk 0:11:28]} Rdg8
{[%clk 0:04:21]} 23. Rdc1 {[%clk 0:10:01]} g5 {[%clk 0:02:13]} 24. hxg5
{[%clk 0:09:47]} h4 {[%clk 0:02:32]} 25. Qf4 {[%clk 0:09:21]} hxg3
{[%clk 0:02:38]} 26. fxg3 {[%clk 0:08:40]} Rh5 {[%clk 0:02:05]} 27. g6
{[%clk 0:04:56]} Rxg6 {[%clk 0:01:49]} 28. Rxd5 {[%clk 0:04:52]} Qe7
{[%clk 0:01:06]} 29. Rdc5 {[%clk 0:05:02]} Rg8 {[%clk 0:01:08]} 30. d5
{[%clk 0:04:10]} Rh3 {[%clk 0:00:36]} 31. R5c3 {[%clk 0:04:22]} Rgh8
{[%clk 0:00:45]} 32. d6 {[%clk 0:03:38]} Qd8 {[%clk 0:01:14]} 33. Rc7
{[%clk 0:03:44]} Rh1+ {[%clk 0:00:54]} 34. Kf2 {[%clk 0:04:01]} R8h2+
{[%clk 0:00:46]} 35. Kf3 {[%clk 0:04:10]} Rxc1 {[%clk 0:00:59]} 36. Qxc1
{[%clk 0:04:27]} Qh8 {[%clk 0:00:37]} 37. Qg5 {[%clk 0:04:06]} Bg6
{[%clk 0:00:40]} 38. Bxe6 {[%clk 0:01:58]} Be4+ {[%clk 0:00:36]} 39. Kxe4
{[%clk 0:02:16]} fxe6 {[%clk 0:00:58]} 40. Rg7 {[%clk 0:02:04]} Re2+
{[%clk 0:00:32]} 41. Kd3 {[%clk 0:02:25]} 1-0

[Event "EYCC 2024 - O14"]
[Site "?"]
[Date "2024.08.29"]
[Round "7.8"]
[White "Laignel, Quentin"]
[Black "Roubal, Matyas"]
[Result "1/2-1/2"]
[BlackElo "1916"]
[WhiteElo "2101"]
[LiveChessVersion "1.4.8"]

1. d4 {[%clk 1:30:52]} Nf6 {[%clk 1:30:56]} 2. c4 {[%clk 1:30:45]} g6
{[%clk 1:31:15]} 3. Nc3 {[%clk 1:30:37]} Bg7 {[%clk 1:31:42]} 4. e4
{[%clk 1:30:30]} d6 {[%clk 1:32:07]} 5. h3 {[%clk 1:27:47]} O-O {[%clk 1:32:30]}
6. Be3 {[%clk 1:27:20]} c5 {[%clk 1:32:49]} 7. d5 {[%clk 1:25:58]} e6
{[%clk 1:33:12]} 8. Bd3 {[%clk 1:23:40]} exd5 {[%clk 1:33:28]} 9. exd5
{[%clk 1:21:40]} Re8 {[%clk 1:31:28]} 10. Nf3 {[%clk 1:18:12]} Nbd7
{[%clk 1:30:12]} 11. O-O {[%clk 1:17:19]} a6 {[%clk 1:28:00]} 12. a4
{[%clk 1:14:53]} Ne5 {[%clk 1:25:28]} 13. Nxe5 {[%clk 1:12:22]} Rxe5
{[%clk 1:25:38]} 14. Bf4 {[%clk 1:10:24]} Re8 {[%clk 1:24:05]} 15. Qd2
{[%clk 0:58:42]} Nh5 {[%clk 1:18:54]} 16. Bg5 {[%clk 0:56:33]} f6
{[%clk 1:14:34]} 17. Bh4 {[%clk 0:46:49]} g5 {[%clk 1:11:21]} 18. Qc2
{[%clk 0:43:21]} gxh4 {[%clk 1:01:34]} 19. Bxh7+ {[%clk 0:43:17]} Kh8
{[%clk 1:01:50]} 20. Bg6 {[%clk 0:43:13]} Nf4 {[%clk 1:00:50]} 21. Bxe8
{[%clk 0:42:52]} Qxe8 {[%clk 1:00:52]} 22. Qe4 {[%clk 0:41:49]} Qe5
{[%clk 0:54:24]} 23. Qf3 {[%clk 0:39:48]} Bd7 {[%clk 0:52:04]} 24. Rfe1
{[%clk 0:38:36]} Qf5 {[%clk 0:50:33]} 25. Ne4 {[%clk 0:33:02]} Bf8
{[%clk 0:40:53]} 26. Ra3 {[%clk 0:22:10]} Re8 {[%clk 0:38:56]} 27. a5
{[%clk 0:20:35]} Re7 {[%clk 0:37:02]} 28. Rb3 {[%clk 0:02:07]} Rg7
{[%clk 0:35:15]} 29. g4 {[%clk 0:01:58]} Nxh3+ {[%clk 0:24:48]} 30. Qxh3
{[%clk 0:02:07]} Rxg4+ {[%clk 0:25:11]} 31. Kf1 {[%clk 0:00:40]} Rxe4
{[%clk 0:24:32]} 32. Rxe4 {[%clk 0:00:34]} Qxh3+ {[%clk 0:23:38]} 33. Rxh3
{[%clk 0:00:52]} Bxh3+ {[%clk 0:24:05]} 34. Ke2 {[%clk 0:00:55]} Bd7
{[%clk 0:23:47]} 35. Rxh4+ {[%clk 0:01:14]} Kg7 {[%clk 0:23:54]} 36. Kd3
{[%clk 0:00:53]} Be7 {[%clk 0:23:22]} 37. Rh1 {[%clk 0:01:14]} Bd8
{[%clk 0:23:38]} 38. Ra1 {[%clk 0:00:44]} f5 {[%clk 0:23:24]} 39. f4
{[%clk 0:01:08]} Bf6 {[%clk 0:22:05]} 40. Rb1 {[%clk 0:00:59]} Bd8
{[%clk 0:21:00]} 41. Ra1 {[%clk 0:01:21]} Kf7 {[%clk 0:19:53]} 42. Ke3
{[%clk 0:01:13]} Bf6 {[%clk 0:18:49]} 43. Rb1 {[%clk 0:01:22]} Ke7
{[%clk 0:18:47]} 44. Kd3 {[%clk 0:01:06]} Kd8 {[%clk 0:18:37]} 45. b3
{[%clk 0:01:05]} Be8 {[%clk 0:15:33]} 46. Rh1 {[%clk 0:01:24]} Bf7
{[%clk 0:15:44]} 47. Rh6 {[%clk 0:01:26]} Ke7 {[%clk 0:16:07]} 48. Kc2
{[%clk 0:00:54]} Bg7 {[%clk 0:16:06]} 49. Rh7 {[%clk 0:00:56]} Kf8
{[%clk 0:16:26]} 50. Rh2 {[%clk 0:01:08]} Bf6 {[%clk 0:16:39]} 51. Kd3
{[%clk 0:01:16]} Kg7 {[%clk 0:16:44]} 52. Rg2+ {[%clk 0:01:14]} Bg6
{[%clk 0:17:07]} 53. Rg1 {[%clk 0:01:24]} Bd8 {[%clk 0:17:19]} 54. Ra1
{[%clk 0:01:44]} Kf7 {[%clk 0:17:22]} 55. Kd2 {[%clk 0:01:02]} Bh5
{[%clk 0:16:29]} 56. Ke3 {[%clk 0:01:21]} Bg4 {[%clk 0:16:38]} 57. Rh1
{[%clk 0:01:26]} Kg7 {[%clk 0:16:55]} 58. Ra1 {[%clk 0:00:48]} Bf6
{[%clk 0:15:14]} 1/2-1/2